Central Library OPAC University of Rajshahi

Fighting liberal : (Record no. 28164)

MARC details
000 -LEADER
fixed length control field 01645cam a22002651 4500
001 - CONTROL NUMBER
control field 28164
003 - CONTROL NUMBER IDENTIFIER
rucl marc code BD-RjUL
005 - DATE AND TIME OF LATEST TRANSACTION
control field 20211209051239.0
008 - FIXED-LENGTH DATA ELEMENTS--GENERAL INFORMATION
fixed length control field 140329s1961 nyu 001 0aeng
035 ## - SYSTEM CONTROL NUMBER
System control number (BD-RjUL)28245
System control number (OCoLC)1098289
040 ## - CATALOGING SOURCE
Original cataloging agency DLC
Transcribing agency TxU-Da
Modifying agency OCoLC
-- NDeUA
-- DLC
Language of cataloging eng
041 ## - LANGUAGE CODE
Language code of text/sound track or separate title eng
082 ## - DEWEY DECIMAL CLASSIFICATION NUMBER
Classification number 923.273
Author mark and year NOF 1961
100 1# - MAIN ENTRY--PERSONAL NAME
Personal name Norris, George W.
Fuller form of name (George William),
Dates associated with a name 1861-1944
9 (RLIN) 86292
245 10 - TITLE STATEMENT
Title Fighting liberal :
Remainder of title the autobiography of George W. Norris /
Statement of responsibility, etc. Introd. by Arthur M. Schlesinger, Jr.
260 ## - PUBLICATION, DISTRIBUTION, ETC. (IMPRINT)
Place of publication, distribution, etc. New York :
Name of publisher, distributor, etc. Collier Books,
Date of publication, distribution, etc. 1961
300 ## - PHYSICAL DESCRIPTION
Pagination 414 p. ;
Size 18 cm.
490 0# - SERIES STATEMENT
Series statement Collier books,
Volume/sequential designation BS39
504 ## - BIBLIOGRAPHY, ETC. NOTE
Bibliography, etc Includes index
505 0# - FORMATTED CONTENTS NOTE
Formatted contents note An Ohio farm -- My mother -- Early education -- On to Valparaiso -- The L.U.N. (Lunatics under Norris) -- Washington Territory -- A law practice -- An ardent Republican -- Conceptions of justice -- Marriage and home -- Reluctant decision -- Payne-Aldrich tariff bill -- The unhorsing of Speaker Cannon -- The Archibald impeachment -- The party rawhide -- For the grand old party -- No friendly atmosphere -- Hetch Hetchy -- Death kiss by filibuster -- Declaration of war -- Defeat of the league -- A Senate seat for sale -- Teapot Dome -- Lonely pilgrimage -- A second emancipation -- TVA in existence -- Relief for the farmer -- Grocer Norris -- Yellog dog contract -- Lighting the farms -- The lame duck amendment -- Unicameral legislature -- Limitations upon voting -- America taking shape -- Steps toward peace -- Lend-lease -- Inflation -- By way of farewell.
942 ## - ADDED ENTRY ELEMENTS (KOHA)
Source of classification or shelving scheme Dewey Decimal Classification
Koha item type Books
Holdings
Lost status Source of classification or shelving scheme Damaged status Not for loan Collection code Permanent Location Current Location Shelving location Date acquired Source of acquisition Cost, normal purchase price Total Checkouts Full call number Date last seen Copy number Koha item type
  Dewey Decimal Classification   Added to bundle Non-fiction Central Library, University of Rajshahi Central Library, University of Rajshahi Reading Room 19/05/1964 Zeitlinger 11.60   923.273 NOF 1961 29/03/2014 C-1 Books